• 首页
  • 本馆介绍
  • 公告通知
  • 最新文献
  • 馆藏检索
  • 电子资源
  • 读者导购
  • 参考咨询
  • 我的图书馆
  • 登录
  • 详细信息显示
  • 放入我的书架
  • 预约/预借图书
  • 作者相关作品
  • 分类相关作品
  • 丛书相关作品
  • 出版社相关作品

书目信息

  • 表格格式
  • 工作单格式
  • 卡片格式
题名:
旅游黄金线自助游手册
    
 
作者: ;藏羚羊自助旅行手册编写组 供稿
分册:   云南
出版信息: 北京   中国轻工业出版社  2002
页数: 90页
开本: 19cm
丛书名:
单 册:
中图分类: K928.9 , K928.974
科图分类:
主题词: 导游--中国 , 导游--云南省 , CT--S012417--导游
电子资源:
ISBN: 7-5019-3760-5
000 00986nam0 2200277 450
001 0102900021
005 20070807160431.07
010    @a7-5019-3760-5@dCNY10.00
035    @a0102900021
100    @a20020925d2002 em y0chiy0110 ea
101 0  @achi
102    @aCN@b110000
105    @aa z 000yy
106    @ar
200 1  @a旅游黄金线自助游手册@Alv you huang jin xian zi zhu you shou ce@i云南@Iyun nan@f《藏羚羊自助旅行手册》编写组供稿@F《 cang ling yang zi zhu lu^ xing shou ce》 bian xie zu gong gao
210    @a北京@c中国轻工业出版社@d2002
215    @a90页@c照片@d19cm
330    @a本书包括云南昆明、楚雄、大理、丽江、迪庆、怒江、腾冲、西双版纳、红河、文山的旅游资讯和景点介绍。
606 0  @a导游@y中国
606 0  @a导游@y云南省
606 0  @2CT@3S012417@a导游
690    @aK928.9@v4
690    @aK928.974@v4
711 02 @a藏羚羊自助旅行手册编写组@Azang ling yang zi zhu lv xing shou ce bian xie zu@4供稿
801  0 @aCN@bNLC@c20070807
905    @dK928.9@e484@f1
    
    旅游黄金线自助游手册.云南/《藏羚羊自助旅行手册》编写组供稿.-北京:中国轻工业出版社,2002
    90页:照片;19cm
    
    
    ISBN 7-5019-3760-5:CNY10.00
    本书包括云南昆明、楚雄、大理、丽江、迪庆、怒江、腾冲、西双版纳、红河、文山的旅游资讯和景点介绍。
●
相关链接 在E读中查询图书 在五车中查询图书 在当当中查询图书 在豆瓣中查询图书


正题名:旅游黄金线自助游手册     索取号:K928.9/484         预约/预借

序号 登录号 条形码 馆藏地/架位号 状态 备注
1 0852988   208529886   第二样本阅览室/ [索取号:K928.9/484] 在馆    
唐山师范学院图书馆 欢迎您!
大连网信软件有限公司© 版权所有